000 00619cam a2200229 a 4500
001 4242251
005 20180228090746.0
008 831206s1984 paua b 001 0 eng
010 _a 83020403
020 _a0721675972
040 _aDLC
_cDLC
_dDLC
041 _aeng
060 _aQZ 4 R636p
080 _a616.07 STA
082 0 0 _a616.07 STA
_219
100 1 _a9
101 _aPAT
245 1 0 _aPathologic basis of disease /
_cStanley L. Robbins, Ramzi S. Cotran, Vinay Kumar.
504 _aIncludes bibliographies and index.
906 _a7
_bcbc
_corignew
_d1
_eocip
_f19
_gy-gencatlg
942 _2ddc
_cBK
999 _c43728
_d43728